<?xml version="1.0" encoding="UTF-8"?>
<record
    xmlns:xsi="http://www.w3.org/2001/XMLSchema-instance"
    xsi:schemaLocation="http://www.loc.gov/MARC21/slim http://www.loc.gov/standards/marcxml/schema/MARC21slim.xsd"
    xmlns="http://www.loc.gov/MARC21/slim">

  <leader>00802nam a2200193Ia 4500</leader>
  <controlfield tag="008">151121s9999||||xx |||||||||||||| ||und||</controlfield>
  <datafield tag="082" ind1=" " ind2=" ">
    <subfield code="a">814/ &#x935;&#x93E;&#x933;&#x93F;&#x902;&#x92C;&#x947;</subfield>
  </datafield>
  <datafield tag="082" ind1=" " ind2=" ">
    <subfield code="b">HNW-74375</subfield>
  </datafield>
  <datafield tag="100" ind1=" " ind2=" ">
    <subfield code="a">&#x935;&#x93E;&#x933;&#x93F;&#x902;&#x92C;&#x947;  &#x935;&#x93F;&#x964; &#x938;&#x964;</subfield>
  </datafield>
  <datafield tag="245" ind1=" " ind2=" ">
    <subfield code="a">"&#x935;&#x941;&#x908; , &#x926;&#x93F; &#x92A;&#x940;&#x92A;&#x932; &#x92D;&#x93E;&#x930;&#x924;-&#x935;&#x93F;&#x930;&#x93E;&#x91F; &#x932;&#x94B;&#x915;&#x936;&#x93E;&#x939;&#x940;"</subfield>
  </datafield>
  <datafield tag="260" ind1=" " ind2=" ">
    <subfield code="b">"&#x92E;&#x947;&#x939;&#x924;&#x93E; &#x92A;&#x92C;&#x94D;&#x932;&#x93F;&#x936;&#x93F;&#x902;&#x917;  &#x939;&#x93E;&#x90A;&#x938;, &#x92A;&#x941;&#x923;&#x947;"</subfield>
  </datafield>
  <datafield tag="260" ind1=" " ind2=" ">
    <subfield code="c">--</subfield>
  </datafield>
  <datafield tag="300" ind1=" " ind2=" ">
    <subfield code="a">394</subfield>
  </datafield>
  <datafield tag="600" ind1=" " ind2=" ">
    <subfield code="a">&#x935;&#x93E;&#x933;&#x93F;&#x902;&#x92C;&#x947;  &#x935;&#x93F;&#x964; &#x938;&#x964;</subfield>
  </datafield>
  <datafield tag="630" ind1=" " ind2=" ">
    <subfield code="a">"&#x935;&#x941;&#x908; , &#x926;&#x93F; &#x92A;&#x940;&#x92A;&#x932; &#x92D;&#x93E;&#x930;&#x924;-&#x935;&#x93F;&#x930;&#x93E;&#x91F; &#x932;&#x94B;&#x915;&#x936;&#x93E;&#x939;&#x940;"</subfield>
  </datafield>
  <datafield tag="700" ind1=" " ind2=" ">
    <subfield code="a">&#x935;&#x93E;&#x933;&#x93F;&#x902;&#x92C;&#x947;  &#x935;&#x93F;&#x964; &#x938;&#x964;</subfield>
  </datafield>
  <datafield tag="730" ind1=" " ind2=" ">
    <subfield code="a">"&#x935;&#x941;&#x908; , &#x926;&#x93F; &#x92A;&#x940;&#x92A;&#x932; &#x92D;&#x93E;&#x930;&#x924;-&#x935;&#x93F;&#x930;&#x93E;&#x91F; &#x932;&#x94B;&#x915;&#x936;&#x93E;&#x939;&#x940;"</subfield>
  </datafield>
  <datafield tag="942" ind1=" " ind2=" ">
    <subfield code="c">BOOK</subfield>
  </datafield>
  <datafield tag="999" ind1=" " ind2=" ">
    <subfield code="c">1255825</subfield>
    <subfield code="d">1255822</subfield>
  </datafield>
  <datafield tag="952" ind1=" " ind2=" ">
    <subfield code="0">0</subfield>
    <subfield code="1">0</subfield>
    <subfield code="4">0</subfield>
    <subfield code="7">0</subfield>
    <subfield code="a">HNW</subfield>
    <subfield code="b">HNW</subfield>
    <subfield code="d">2015-11-21</subfield>
    <subfield code="g">150.00</subfield>
    <subfield code="l">0</subfield>
    <subfield code="o">HNW-74375</subfield>
    <subfield code="p">HNW-74375</subfield>
    <subfield code="r">2015-11-21 00:00:00</subfield>
    <subfield code="v">150.00</subfield>
    <subfield code="w">2015-11-21</subfield>
    <subfield code="y">BOOK</subfield>
  </datafield>
</record>
